UGC-NET/JRF/SET: (Record no. 196853)

MARC details
000 -LEADER
fixed length control field 00758nam a22002417a 4500
005 - DATE AND TIME OF LATEST TRANSACTION
control field 20230802154905.0
010 ## - LCCN (DPL NO)
LC control number ENG-137666
020 ## - INTERNATIONAL STANDARD BOOK NUMBER
International Standard Book Number 9789390157204
Terms of availability 1095.00
035 ## - SYSTEM CONTROL NUMBER
System control number EN-121198
037 ## - SOURCE OF ACQUISITION
Source of stock number/acquisition D.P.S. Publishing House
082 ## - DEWEY DECIMAL CLASSIFICATION NUMBER
Classification number 004
100 ## - MAIN ENTRY--PERSONAL NAME
Personal name Jindal, Munish
245 ## - TITLE STATEMENT
Title UGC-NET/JRF/SET:
Remainder of title Computer Science and Application (Paper-II) /
Statement of responsibility, etc Munish Jindal... [et .al]..
260 ## - PUBLICATION, DISTRIBUTION, ETC. (IMPRINT)
Place of publication, distribution, etc New Delhi
Name of publisher, distributor, etc D.P.S. Publishing House
Date of publication, distribution, etc 2021
270 ## - ADDRESS
Address 4598/12B, Gola Cottage, Ansari Road, Darya Ganj,
City New Delhi
Postal code 110002
300 ## - PHYSICAL DESCRIPTION
Extent 1026p.
Dimensions 24cm(pbk)
700 ## - ADDED ENTRY--PERSONAL NAME
Personal name Mangat,Veenu
700 ## - ADDED ENTRY--PERSONAL NAME
Personal name Saluja,Krishan
700 ## - ADDED ENTRY--PERSONAL NAME
Personal name Jindal,K.M.
700 ## - ADDED ENTRY--PERSONAL NAME
Personal name Goyal,Vishal
700 ## - ADDED ENTRY--PERSONAL NAME
Personal name Kaur,Harmandeep
942 ## - ADDED ENTRY ELEMENTS (KOHA)
Source of classification or shelving scheme Dewey Decimal Classification
Item type English Books
Call number suffix JIN
Classification part 004
Holdings
Withdrawn status Lost status Not for loan Collection code Home library Current library Date acquired Source of acquisition Cost, normal purchase price Full call number Barcode Copy number Cost, replacement price Koha item type
      Non-fiction Kadipur Kadipur 02/08/2023 DBAD/PUB 1095.00 004 JIN EN-121198 1 1095.00 English Books

© Delhi Public Library
Hit Counter
free hit counter